| 000 | 00740nam a2200181Ia 4500 | ||
|---|---|---|---|
| 008 | 151018s9999 xx 000 0 und d | ||
| 082 |
_bRBASDV38781 _a891.463 |
||
| 100 | _aभाऊ पाध्ये | ||
| 245 | _aभाऊ पाध्ये यांच्या श्रेष्ठ कथा | ||
| 250 | _b1 | ||
| 260 |
_bलोकवाङ्मय गृह प्रा लि . मुंबई _c2004 |
||
| 300 | _a17 | ||
| 600 | _aभाऊ पाध्ये | ||
| 630 | _aभाऊ पाध्ये यांच्या श्रेष्ठ कथा | ||
| 700 | _aभाऊ पाध्ये | ||
| 730 | _aभाऊ पाध्ये यांच्या श्रेष्ठ कथा | ||
| 942 | _cBOOK | ||
| 999 |
_c1038161 _d1038158 |
||